=LDR 00000nam 2200000 4500 =001 INLIS000000000006991 =005 20130612095048 =008 ***********************************Ind** =035 ##$$0010-061300000006991 =041 ##$$a Ind =082 ##$$a 574.018 =090 ##$$a 574.018, Sok p =100 ##$$a SOKAL, Robert R =245 ##$$a Pengantar Biostatistika, Robert R. Sokal, J. Fames Rohlf. -- =260 ##$$a 1992 $b Yogyakarta =300 ##$$a xiii, 450 hlm, ilus, 23 cm =650 ##$$a Biostatistika - Study dan Pengajaran =700 ##$$a ROHLF, F. James =990 ##$$a 52585258 =990 ##$$a 113.458/Pro.97 =990 ##$$a 00087110 =990 ##$$a 01201805258